| 000 | 00905nam a2200253 i 4500 | ||
|---|---|---|---|
| 003 | IT-RoINE | ||
| 005 | 20220912132130.0 | ||
| 008 | 210207s2021 sp a r 000 | cat d | ||
| 020 | _a9788486083892 | ||
| 040 |
_aES-MaCSI _bspa _cIT-RoINE _dIT-RoINE |
||
| 100 | 1 |
_aSerra Masdeu, Anna Isabel, _d1969- _971472 |
|
| 245 | 1 | 2 |
_aL'Esglèsia barroca de Picamoixons : _bpatrimoni de la memòria documental / _cAnna Isabel Serra Masdeu. |
| 260 |
_aValls : _bInstitut d'Estudis Vallencs, _c2021. |
||
| 300 |
_a156 p. : _bil. ; _c24 cm. |
||
| 336 |
_2rdacontent _atext |
||
| 337 |
_2rdamedia _aunmediated |
||
| 338 |
_2rdacarrier _avolume |
||
| 490 | 1 |
_aEstudis vallencs; _v51 |
|
| 504 | _aBibliografia: p. 71-76. | ||
| 650 | 4 |
_aIglesias _zEspaña _zPicamoixons _xHistoria _xFuentes _971473 |
|
| 650 | 4 |
_aArquitectura religiosa _zEspaña _zPicamoixons _971474 |
|
| 830 |
_aEstudis vallencs _v51 _971476 |
||
| 942 | _cMTS | ||
| 999 |
_c36963 _d36963 |
||